000
00286nam a22001337a 4500
008
170807b xxu||||| |||| 00| 0 eng d
020
_a
9780130227430
041
_a
eng
080
_a
004
100
_a
34
101
_a
SHKI
245
_a
DS FOR WINDOWS
_c
WEISS, .H.J
942
_2
udc
_c
BK
999
_c
22816
_d
22816